| 000 | 00800cam a22001695a 4500 | ||
|---|---|---|---|
| 008 | 250702t2003 | ||
| 041 | _aeng | ||
| 110 |
_aRoyal Institution of Chartered Surveyors _94900 _bProfessional Regulation and Consumer Protection |
||
| 245 |
_aWhose files are they anyway? _h[archived] |
||
| 260 |
_aLondon _bRICS _c2003 |
||
| 300 |
_a5p _c30cm |
||
| 520 | _aOutlines RICS guidelines on client file retention and advice on records management for chartered surveying firms. | ||
| 520 | _aReplaced by subsequent editions and most recently guidance on RICS.org at https://www.rics.org/profession-standards/rics-standards-and-guidance/conduct-competence/client-relationships-and-handling-data | ||
| 651 | 4 | _aInternational | |
| 690 | _aBusiness and management | ||
| 942 |
_n0 _2ddc |
||
| 999 |
_c122191 _d122191 |
||